Echelle de mots - de Peur à Joie - Statistiques

Statistiques générales
  • Ce quiz a été pris 1 865 fois
  • Le résultat moyen est 20 sur 23
Statistiques - réponses
Indice Réponse % Correct
Sentiment effrayant Peur
100%
___ toi, je ferais tout ! Pour
97%
Ceux de circulation ont 3 couleurs Feux
96%
Un Deux
95%
Comme un agneau Doux
93%
Sentiment de bonheur (retirer une lettre) Joie
93%
Insectes parasites se nourrisant de sang Poux
93%
Pour sentir bon des aiselles Deo
92%
Pas près Loin
91%
On en fait un en chantant à deux Duo
90%
Quoi ? Feur
90%
Les vaches en raffolent Foin
90%
Il y en a 4 sur une table rectangulaire Coin
89%
Organe le plus volumineux de l'abdomen Foie
89%
On peut en avoir à micro-ondes Four
89%
Presque belle Jolie
86%
Comme fer (retirer une lettre) Dur
83%
Des grandeurs (ajouter une lettre) Folie
81%
Ville Belge connue pour son festival Dour
73%
D'oeil Clin
68%
Renault Clio
67%
Prénom féminin peu commun (ajouter une lettre) Cleo
59%
Un très bon chocolat Leo
56%
Aucun quiz correspondant
Distribution des résultats
% des personnes avec chaque résultat
Percentile par nombre de réponses
Votre historique - résultats
Vous n’avez pas pris ce quiz